Statistics for Otčenáš - slova česky (The Lord's Prayer in Czech)

Click here to take the quiz!

General Stats

  • This quiz has been taken 591 times
  • The average score is 38 of 50

Answer Stats

Slova% Correct
na
99%
na
99%
Otče
99%
nás
98%
náš,
98%
náš
98%
nás
98%
nebesích,
95%
jsi
91%
v
89%
v
89%
jenž
88%
tvé,
88%
tvé,
88%
i
87%
i
87%
A
83%
a
83%
jméno
82%
tvá
77%
buď
76%
království
76%
zemi.
76%
vůle
75%
nebi,
74%
se
74%
tak
74%
od
73%
posvěť
73%
jako
72%
jako
72%
nám
72%
nám
72%
Chléb
70%
my
68%
naše
67%
odpusť
67%
dej
65%
přijď
65%
odpouštíme
63%
pokušení,
62%
viny,
61%
zlého.
61%
našim
60%
zbav
60%
dnes
59%
neuveď
59%
viníkům.
58%
ale
54%
vezdejší
54%

Score Distribution

Percentile by Number Answered

Percent of People with Each Score

Your Score History

You have not taken this quiz